| 000 | 00800nmm a2200253 a 4500 | ||
|---|---|---|---|
| 003 | AR-BaBNM | ||
| 005 | 20251128205935.0 | ||
| 008 | 278019s1992 ||||||||||||||000 | spa|| | ||
| 020 | _a950-721-021-0 | ||
| 040 | _cAR-BaBNM | ||
| 245 | 1 | 0 |
_aJujuy en sus documentos _brecopilación del Archivo Capitular de Ricardo Rojas |
| 260 |
_aSan Salvador de Jujuy _bUniversidad Nacional de Jujuy _c1992 |
||
| 300 |
_a512 p. _bláms., mapas |
||
| 500 | _aContiene documentación y cartografía desplegable | ||
| 650 | 4 | _aHISTORIA DE LA IGLESIA | |
| 650 | 4 | _aHISTORIA DE LAS COSTUMBRES | |
| 650 | 4 | _aHISTORIA SOCIAL | |
| 650 | 4 | _aHISTORIA PROVINCIAL ARGENTINA | |
| 650 | 4 | _aHISTORIA JUJENA | |
| 650 | 4 | _aPERIODO HISPANICO | |
| 700 | 1 |
_aConti, Viviana _eprologuista |
|
| 942 | _cBK | ||
| 998 | _cMariana | ||
| 999 |
_c13399 _d13399 |
||